Представление документа в формате MARC21

Поле Инд. ПП Название Значение
Тип записи a
Библиографический уровень b
001 Контрольный номер RU/IS/BASE/130430676
005 Дата корректировки 20200522190610.4
008 Кодируемые данные 19950724
084 a Индекс другой классификации/Индекс ББК 63.3(2)513
097 00 a 750
100 10 a Автор Усенко О.
q Полное имя Усенко Олег
245 00 a Заглавие Самозванчество на Руси: норма или патология?
600 a Персоналии Пугачев Емельян Иванович
650 a Основная рубрика история
653 00 a Ключевые слова XVII век
a Ключевые слова XVIII век
a Ключевые слова Россия
a Ключевые слова самозванство
773 00 t Заглавие источника Родина
d Дата издания источника 1995
g Прочая информация № 1. - С. 53 - 57; № 2. - С. 69 - 72
w Контрольный № источника RU/IS/BASE/142008626
901 t Тип документа b